000 00888nam a2200265 4500
003 OSt
005 20240715060919.0
006 a
008 240715b |||||||| |||| 00| 0 eng d
020 _a9780826491756
040 _aDWCL-Main lib.
_cOC
082 _2Second edition
_aCirc. 420 En58 2007
245 _aEnglish : one language, different cultures /
250 _aSecond edition
260 _aLondon :
_bContinuum,
_cc2007.
300 _ax,
_b286 p. : maps ;
_c23 cm.
504 _aIncludes index.
650 _a1. English language-Social aspects-English speaking countries.
650 _a2. English language-Foreign countries.
650 _a3. Language and culture-English speaking countries.
650 _a4. Language and culture-Foreign countries.
700 _aEddie Ronowicz
700 _aColin Yallop
942 _2ddc
_n0
_cBK-CIRC
_eSecond edition
_iCirc.
999 _c2187
_d2187